000
00469nam a2200133Ia 4500
008
151001s9999||||xx |||||||||||||| ||und||
100
_a
लक्ष्मशास्त्री जोशी
245
_a
मराठी विश्वकोष
250
_a
1
260
_b
महाराष्ट्र राज्य साहित्य संस्कुती मंडळ मुंबई
260
_c
1987
300
_a
1328
365
_b
30
999
_c
967041
_d
967038